| Поле | Название | Значение |
| |
Тип записи |
a |
| |
Библиографический уровень |
m |
| 001 |
Контрольный номер |
RU\infra-m\znanium\bibl\2234352 |
| 005 |
Дата корректировки |
20260429142135.6 |
| 008 |
Кодируемые данные |
251119s2025 RU g rus u |
| 020 |
Индекс ISBN |
__ |
| a |
ISBN |
978-5-9614-6047-6 |
| 040 |
Источник каталогиз. |
__ |
| a |
Служба первич. каталог. |
Общество с ограниченной ответственностью «ЗНАНИУМ» |
| 041 |
Код языка издания |
__ |
| a |
Код языка текста |
rus |
| 044 |
Код страны публикации |
__ |
| a |
Код страны публикации |
RU |
| 080 |
Индекс УДК |
__ |
| a |
Индекс УДК |
17 |
| 084 |
Индекс другой классификации/Индекс ББК |
__ |
| 2 |
Источник индекса |
rubbk |
| a |
Индекс другой классификации/Индекс ББК |
885 |
| 100 |
Автор |
__ |
| a |
Автор |
Эллард К. |
| q |
Полное имя |
Эллард Колин |
| 245 |
Заглавие |
__ |
| a |
Заглавие |
Среда обитания: Как архитектура влияет на наше поведение и самочувствие |
| b |
Продолж. заглавия |
Научно-популярная литература |
| 250 |
Сведения об издании |
__ |
| a |
Основные сведения об издании |
2 |
| 260 |
Выходные данные |
__ |
| a |
Место издания |
Москва |
| b |
Издательство |
ООО "Альпина Паблишер" |
| c |
Дата издания |
2026 |
| 300 |
Физическое описание |
__ |
| a |
Объем |
288 с. |
| 520 |
Аннотация |
__ |
| a |
Аннотация |
Известный психолог и специалист по психогеографии Колин Эллард рассуждает о том как окружающая среда естественная или рукотворная воздействует на психику и поведение человека. Почему живописный природный ландшафт действует на нас успокаивающе? Почему административные здания вызывают у многих чувство подавленности? Как в нашем сердце зарождается любовь к какому-то месту и всегда ли такая любовь безопасна? Каким образом городская среда способствует развитию психических расстройств? Отчего вид ничем не примечательных скучных зданий вредит здоровью а простые маленькие домики так притягивают нас? Хорошо ли жить в умном городе? Где лучше творить а где работать до седьмого пота? Способны ли технологии изменить наши отношения с пространством? Опираясь на результаты множества экспериментов на статистические данные и на собственные наблюдения сделанные в ходе психогеографических исследований во всем мире автор помогает по-новому взглянуть на привычные отношения людей с пространством и говорит о том что надо сделать чтобы наши жилища — не только дома но и города — стали лучше. |
| 521 |
Примеч. о цел. назн. |
__ |
| a |
Примеч. о целев. назн. |
Дополнительное образование |
| 650 |
Тематические рубрики |
__ |
| a |
Основная рубрика |
Психология |
| x |
Основная подрубрика |
Психология личности. Акмеология |
| 655 |
Указ. предметных рубрик (устаревшее) |
__ |
| a |
Жанр/ форма (устаревшее) |
Научно-популярная литература |
| 856 |
Электронный адрес документа |
4_ |
| a |
Имя сервера/домена |
znanium.ru |
| m |
Помощь |
ebs_support@infra-m.ru |
| n |
Местонахождение сервера |
НИЦ ИНФРА-М |
| u |
URL |
https://znanium.ru/catalog/document?id=473143 |
| 856 |
Электронный адрес документа |
48 |
| a |
Имя сервера/домена |
znanium.ru |
| d |
Путь |
/cover/2234 |
| f |
Электронное имя |
2234352.jpg |
| u |
URL |
https://znanium.ru/cover/2234/2234352.jpg |
| 911 |
|
__ |
| u |
|
0030=https://znanium.ru/catalog/document?id=473143 |